ბათუმის შოთა რუსთაველის სახელმწიფო უნივერსიტეტის ბიბლიოთეკა

სახელშეკრებულო სამართალი (ბიბ.ჩანაწერი № 42812)

000 -LEADER
fixed length control field 01100nam a2200253Ia 4500
001 - CONTROL NUMBER
control field 9518
003 - CONTROL NUMBER IDENTIFIER
control field GE_BSU
008 - FIXED-LENGTH DATA ELEMENTS--GENERAL INFORMATION
fixed length control field 181216s||||||||xx |||||||||||||| ||und||
020 ## - INTERNATIONAL STANDARD BOOK NUMBER
International Standard Book Number 9789941108303
040 ## - CATALOGING SOURCE
Transcribing agency GE_BSU
080 ## - UNIVERSAL DECIMAL CLASSIFICATION NUMBER
Universal Decimal Classification number 347.44(479.22)
100 ## - MAIN ENTRY--PERSONAL NAME
Personal name ძლიერიშვილი,ზურაბ.ცერცვაძე,გიორგი.რობაქიძე,გიორგი და სხვ.
245 ## - TITLE STATEMENT
Title სახელშეკრებულო სამართალი
245 ## - TITLE STATEMENT
Remainder of title სახელმძღვ.სამართლის სკოლებისათვის
245 ## - TITLE STATEMENT
Statement of responsibility, etc. რედ.გიორგი ჯუღელი
260 ## - PUBLICATION, DISTRIBUTION, ETC.
Place of publication, distribution, etc. თბილისი
260 ## - PUBLICATION, DISTRIBUTION, ETC.
Name of publisher, distributor, etc. მერიდიანი
260 ## - PUBLICATION, DISTRIBUTION, ETC.
Date of publication, distribution, etc. 2014
300 ## - PHYSICAL DESCRIPTION
Extent 760გვ.23სმ
520 ## - SUMMARY, ETC.
Summary, etc. USAID ამერიკელი სალხისაგან
653 ## - INDEX TERM--UNCONTROLLED
Uncontrolled term სახელმძღვ.სამართლის სკოლებისათვის
653 ## - INDEX TERM--UNCONTROLLED
Uncontrolled term სახელშეკრებულო სამართალი
942 ## - ADDED ENTRY ELEMENTS (KOHA)
Koha item type წიგნი
ეგზემპლარები
Withdrawn status Lost status Damaged status Not for loan Date acquired Barcode Date last seen Price effective from Koha item type
        2018-12-17 32449 2018-12-17 2018-12-17 წიგნი
        2018-12-17 32450 2018-12-17 2018-12-17 წიგნი
        2018-12-17 32451 2018-12-17 2018-12-17 წიგნი
        2018-12-17 32452 2018-12-17 2018-12-17 წიგნი